000 00822nam a2200265Ia 4500
003 OSt
005 20220927110522.0
006 a|||||r|||| 00| 0
007 ta
008 220926b |||||||| |||| 00| 0 eng d
024 _a105696
037 _cReports
040 _aRTL
_cRTL
_beng
041 _2eng
_aeng
082 _a"X9(J382):51:2:N37t, G7/GD"
110 _a"India, (Govt Of-) Agricultural Marketing (Adviser)"
245 0 _aReport on the marketing of wheat in India
260 _aDelhi
_bManager Of Publication India
_c1937
300 _a466p.
_ccm.
490 _a"Its, Marketing Series.1"
650 _aAgriculture Industry - Wheat
700 _a"India, (Govt Of-) Agricultural Marketing (Adviser)"
942 _h"X9(J382):51:2:N37t, G7/GD"
_cCC
999 _c697088
_d697088